000 00678cam a2200241 4500500
005 20260405003155.0
041 _afre
042 _adc
100 1 0 _aLacroix, Alexandre
_eauthor
245 0 0 _aBienvenue dans l’hypervie active
260 _c2020.
500 _a2
690 _aInégalités
690 _aPascal Chabot
690 _aQuotidien
690 _aRepos
690 _aTélétravail
690 _aTemps
690 _aTravail
690 _aYves Citton
786 0 _nPhilosophie magazine | 144 | 11 | 2020-11-01 | p. 33-35 | 1951-1787
856 4 1 _uhttps://shs.cairn.info/magazine-philosophie-magazine-2020-11-page-33?lang=fr&redirect-ssocas=7080
999 _c2065036
_d2065036